Long 'n' Short: A Words Quiz Stats

Quiz Updated Mar 9, 2013

Also try: 'A' Antonyms
Challenge
Share
Tweet
Embed
Score 0/30 Timer 05:00
0 Plays Today
% Correct
Ate
97.8%
Apes
96.9%
April
96.6%
Acorn
96.4%
Asia
96.3%
Apron
95.9%
Ace
95.5%
Ale
94.9%
Alligator
94.7%
Angel
91%
Acre
91%
Apple
90.9%
Actress
88.7%
Aim
88.5%
Alabama
87.5%
% Correct
Anchovies
84.8%
Ask
83.8%
Address
83.1%
Apex
81.7%
Abacus
78%
Alpaca
77.2%
Alien
73.5%
Ageism
72.2%
Antlers
71.3%
Aviary
67.6%
Asbestos
59.4%
Anise
56%
Acrophobia
31.1%
Accra
30.8%
Abalone
26.2%

You're not logged in!

Compare scores with friends on all Sporcle quizzes.
Join for Free
OR
Log In

You Might Also Like...

Show Comments

Extras

Top Quizzes Today


Score Distribution

Your Account Isn't Verified!

In order to create a playlist on Sporcle, you need to verify the email address you used during registration. Go to your Sporcle Settings to finish the process.

Report this User

Report this user for behavior that violates our Community Guidelines.

Details: